Central Library OPAC University of Rajshahi

Shifting agriculture and sustainable development : (Record no. 58371)

MARC details
000 -LEADER
fixed length control field 01004nam a2200277 a 4500
001 - CONTROL NUMBER
control field 58371
003 - CONTROL NUMBER IDENTIFIER
rucl marc code BD-RjUL
005 - DATE AND TIME OF LATEST TRANSACTION
control field 20211209080619.0
008 - FIXED-LENGTH DATA ELEMENTS--GENERAL INFORMATION
fixed length control field 161218s1992 enk 001 0 eng d
020 ## - INTERNATIONAL STANDARD BOOK NUMBER
International Standard Book Number 1850703833
035 ## - SYSTEM CONTROL NUMBER
System control number (BD-RjUL)58495
040 ## - CATALOGING SOURCE
Original cataloging agency Book Data
Language of cataloging eng
Transcribing agency BD-RjUL
041 ## - LANGUAGE CODE
Language code of text/sound track or separate title eng
082 ## - DEWEY DECIMAL CLASSIFICATION NUMBER
Classification number 333.76130954
Edition number 23
Author mark and year RAS 1992
100 1# - MAIN ENTRY--PERSONAL NAME
Personal name Ramakrishnan, P. S.
9 (RLIN) 173357
245 10 - TITLE STATEMENT
Title Shifting agriculture and sustainable development :
Remainder of title a case study in north-eastern India /
Statement of responsibility, etc. P.S. Ramakrishnan
260 ## - PUBLICATION, DISTRIBUTION, ETC. (IMPRINT)
Place of publication, distribution, etc. Carnforth :
Name of publisher, distributor, etc. Parthenon,
Date of publication, distribution, etc. 1992
300 ## - PHYSICAL DESCRIPTION
Pagination xvii, 424 p ;
Size 24 cm
490 ## - SERIES STATEMENT
Series statement Man and the biosphere series ;
Volume/sequential designation Vol 10
650 #0 - SUBJECT ADDED ENTRY--TOPICAL TERM
Topical term or geographic name as entry element Shifting cultivation
General subdivision Environmental aspects
Geographic subdivision India, Northeastern
9 (RLIN) 173358
Topical term or geographic name as entry element Agricultural ecology
Geographic subdivision India, Northeastern
9 (RLIN) 173359
Topical term or geographic name as entry element Forest ecology
Geographic subdivision India, Northeastern
9 (RLIN) 173360
Topical term or geographic name as entry element Human ecology
Geographic subdivision India, Northeastern
9 (RLIN) 173361
830 #0 - SERIES ADDED ENTRY--UNIFORM TITLE
Uniform title Man and the biosphere series ;
Volume number/sequential designation Vol 10
942 ## - ADDED ENTRY ELEMENTS (KOHA)
Source of classification or shelving scheme Dewey Decimal Classification
Koha item type Books
Holdings
Lost status Source of classification or shelving scheme Damaged status Not for loan Collection code Permanent Location Current Location Shelving location Date acquired Source of acquisition Cost, normal purchase price Total Checkouts Full call number Date last seen Copy number Koha item type
  Dewey Decimal Classification   Not For Loan Non-fiction Central Library, University of Rajshahi Central Library, University of Rajshahi Reading Room 16/08/2010 Paragogn Enterprise, Dhaka 1358.00   333.76130954 RAS 1992 18/12/2016 C-1 Books